[Event "SVK-chT1E 2223"]
[Site "Slovakia"]
[Date "2023.03.12"]
[Round "11.6"]
[White "Marsina, Stefan"]
[Black "Snider, Lukas"]
[Result "0-1"]
[WhiteElo "1781"]
[BlackElo "2048"]
[PlyCount "72"]
[EventDate "2022.10.15"]
[EventType "team-tourn"]
[EventRounds "11"]
[EventCountry "SVK"]
[SourceTitle "EXT 2024"]
[Source "ChessBase"]
[SourceDate "2023.10.10"]
[SourceVersion "1"]
[SourceVersionDate "2023.10.10"]
[SourceQuality "1"]
[WhiteTeam "Dunajov Martin II"]
[BlackTeam "Zvolen Slavia"]
[WhiteTeamCountry "SVK"]
[BlackTeamCountry "SVK"]

1. d4 Nf6 2. Nf3 c5 3. Nc3 cxd4 4. Nxd4 d6 5. e4 a6 6. Be2 e5 7. Nb3 Be7 8. 0-0 b5 9. Be3 Bb7 10. f3 Nbd7 11. Qe1 0-0 12. Rd1 Rc8 13. a3 Qc7 14. Rd2 Nb6 15. Qf2 Nc4 16. Bxc4 bxc4 17. Bb6 Qd7 18. Na5 Ba8 19. Qe2 Qe6 20. Rfd1 d5 21. Bf2 d4 22. Na4 Bd8 23. b4 Qd7 24. Nxc4 Qxa4 25. Nxe5 Bb6 26. Nd3 Rc3 27. Kh1 Rxa3 28. Nc5 Qxb4 29. Bxd4 Bxc5 30. c3 Qb6 31. Rb2 Qa5 32. Bxf6 gxf6 33. e5 Qxc3 34. Rc2 Qxe5 35. Qc4 Bd6 36. Qg4+ Kh8 0-1

[Event "SVK-chT2C 2223"]
[Site "Slovakia"]
[Date "2023.02.12"]
[Round "9.4"]
[White "Fabian, Janos"]
[Black "Marsina, Stefan"]
[Result "1/2-1/2"]
[WhiteElo "1721"]
[BlackElo "1742"]
[PlyCount "75"]
[EventDate "2022.10.08"]
[EventType "team-tourn"]
[EventRounds "11"]
[EventCountry "SVK"]
[SourceTitle "EXT 2024"]
[Source "ChessBase"]
[SourceDate "2023.10.10"]
[SourceVersion "1"]
[SourceVersionDate "2023.10.10"]
[SourceQuality "1"]
[WhiteTeam "Vinica"]
[BlackTeam "Dunajov Martin III"]
[WhiteTeamCountry "SVK"]
[BlackTeamCountry "SVK"]

1. e4 e6 2. c4 b6 3. d4 d5 4. cxd5 exd5 5. e5 Bb4+ 6. Nc3 Bxc3+ 7. bxc3 Ne7 8. Ba3 0-0 9. f4 f6 10. Nf3 fxe5 11. fxe5 Bg4 12. Be2 Nd7 13. 0-0 c5 14. Ng5 Rxf1+ 15. Qxf1 Bxe2 16. Qxe2 Rc8 17. Qh5 Nf8 18. Rf1 h6 19. Nf7 Qd7 20. Nd6 Rd8 21. dxc5 Qe6 22. cxb6 axb6 23. Nf7 Rc8 24. Bd6 Neg6 25. g4 Rc4 26. h3 Rf4 27. Rxf4 Nxf4 28. Nd8 Qd7 29. Qf5 Nxh3+ 30. Kh2 Qxd8 31. Kxh3 Qe8 32. Bxf8 Qxf8 33. Qd3 Qf7 34. Kg3 Qe6 35. Qf5 Qf7 36. Kf4 g5+ 37. Kg3 Qxf5 38. gxf5 1/2-1/2

[Event "SVK-chT2C 2223"]
[Site "Slovakia"]
[Date "2023.01.15"]
[Round "7.5"]
[White "Marsina, Stefan"]
[Black "Nahalka, Jan"]
[Result "1/2-1/2"]
[WhiteElo "1742"]
[BlackElo "1763"]
[PlyCount "34"]
[EventDate "2022.10.08"]
[EventType "team-tourn"]
[EventRounds "11"]
[EventCountry "SVK"]
[SourceTitle "EXT 2024"]
[Source "ChessBase"]
[SourceDate "2023.10.10"]
[SourceVersion "1"]
[SourceVersionDate "2023.10.10"]
[SourceQuality "1"]
[WhiteTeam "Dunajov Martin III"]
[BlackTeam "Ondrasova Krivan"]
[WhiteTeamCountry "SVK"]
[BlackTeamCountry "SVK"]

1. d4 d5 2. Bf4 Nf6 3. Nf3 e6 4. e3 c5 5. c3 Nc6 6. Bd3 Be7 7. Nbd2 0-0 8. Bg3 Qb6 9. b3 cxd4 10. exd4 Bd7 11. 0-0 a5 12. Re1 Rfd8 13. Ne5 Be8 14. Ndf3 h6 15. Nh4 Rac8 16. Nf5 Bf8 17. Ne3 Ne4 1/2-1/2

[Event "SVK-chT1E 2223"]
[Site "Slovakia"]
[Date "2023.01.14"]
[Round "7.8"]
[White "Bulej, Matej"]
[Black "Marsina, Stefan"]
[Result "1-0"]
[WhiteElo "1942"]
[BlackElo "1781"]
[PlyCount "79"]
[EventDate "2022.10.15"]
[EventType "team-tourn"]
[EventRounds "11"]
[EventCountry "SVK"]
[SourceTitle "EXT 2024"]
[Source "ChessBase"]
[SourceDate "2023.10.10"]
[SourceVersion "1"]
[SourceVersionDate "2023.10.10"]
[SourceQuality "1"]
[WhiteTeam "Cadca"]
[BlackTeam "Dunajov Martin II"]
[WhiteTeamCountry "SVK"]
[BlackTeamCountry "SVK"]

1. d4 Nf6 2. c4 e6 3. Nc3 d5 4. Nf3 Nbd7 5. Bg5 Be7 6. e3 h6 7. Bh4 0-0 8. Bd3 a6 9. c5 b5 10. b4 c6 11. Ne2 Ne8 12. Bg3 Bf6 13. Ne5 Bxe5 14. dxe5 Qg5 15. f4 Qe7 16. Nd4 Bb7 17. Qh5 f5 18. Bh4 Qf7 19. Qxf7+ Kxf7 20. Bxf5 Nc7 21. Bd3 a5 22. Ke2 axb4 23. Nb3 Ra3 24. Rhb1 Rfa8 25. Rb2 Rg8 26. Be1 g5 27. Kf3 Na6 28. Rc1 h5 29. Bxb5 cxb5 30. c6 Ba8 31. cxd7 d4+ 32. e4 Ke7 33. Rc8 Rd8 34. Rxd8 Kxd8 35. fxg5 Nc5 36. Bxb4 Rxb3+ 37. axb3 Bxe4+ 38. Kf4 Nd3+ 39. Kxe4 Nxb2 40. g6 1-0

[Event "SVK-chT2C 2223"]
[Site "Slovakia"]
[Date "2022.11.27"]
[Round "6.4"]
[White "Marsina, Stefan"]
[Black "Macko, Michal"]
[Result "0-1"]
[WhiteElo "1786"]
[BlackElo "2141"]
[PlyCount "86"]
[EventDate "2022.10.08"]
[EventType "team-tourn"]
[EventRounds "11"]
[EventCountry "SVK"]
[SourceTitle "EXT 2024"]
[Source "ChessBase"]
[SourceDate "2023.10.10"]
[SourceVersion "1"]
[SourceVersionDate "2023.10.10"]
[SourceQuality "1"]
[WhiteTeam "Dunajov Martin III"]
[BlackTeam "Liptov Chess School III"]
[WhiteTeamCountry "SVK"]
[BlackTeamCountry "SVK"]

1. d4 Nf6 2. Nf3 d5 3. Bf4 c5 4. e3 Nc6 5. Be2 cxd4 6. exd4 Bf5 7. c3 h6 8. Nbd2 e6 9. Qb3 Qc8 10. Ne5 Be7 11. 0-0 0-0 12. Nxc6 bxc6 13. Rac1 a5 14. c4 a4 15. Qg3 Kh8 16. cxd5 Nxd5 17. Bd6 Rd8 18. Bxe7 Nxe7 19. Nc4 Qb8 20. Ne5 Kg8 21. Qa3 Rxd4 22. Nxc6 Nxc6 23. Rxc6 Rd2 24. Bf3 Qxb2 25. Qe7 Qf6 26. Rxe6 Bxe6 27. Qxf6 gxf6 28. Bxa8 Rxa2 29. h3 a3 30. Rd1 Rb2 31. Be4 a2 32. g4 Re2 33. Bf3 Rd2 34. Ra1 f5 35. Kg2 Rb2 36. gxf5 Rb1 37. fxe6 Rxa1 38. exf7+ Kg7 39. Bd5 Rg1+ 40. Kxg1 a1Q+ 41. Kg2 Qd4 42. Bb3 Qe4+ 43. Kg1 Qb1+ 0-1

[Event "SVK-chT1E 2122"]
[Site "Slovakia"]
[Date "2022.02.27"]
[Round "5.7"]
[White "Mnich, Jozef"]
[Black "Marsina, Stefan"]
[Result "1-0"]
[WhiteElo "1999"]
[BlackElo "1750"]
[PlyCount "57"]
[EventDate "2022.01.29"]
[EventType "team-tourn"]
[EventRounds "11"]
[EventCountry "SVK"]
[SourceTitle "EXT 2023"]
[Source "ChessBase"]
[SourceDate "2022.10.05"]
[SourceVersion "1"]
[SourceVersionDate "2022.10.05"]
[SourceQuality "1"]
[WhiteTeam "Presov Tatran Dason"]
[BlackTeam "Dunajov Inbest II"]
[WhiteTeamCountry "SVK"]
[BlackTeamCountry "SVK"]

1. e4 e6 2. d4 d5 3. Nd2 Nf6 4. e5 Nfd7 5. Bd3 c5 6. c3 Nc6 7. Ne2 cxd4 8. cxd4 f6 9. Nf4 Nxd4 10. Qh5+ Ke7 11. Ng6+ hxg6 12. exf6+ Nxf6 13. Qxh8 Kf7 14. Qh4 e5 15. Nf3 Nxf3+ 16. gxf3 Bf5 17. Bxf5 gxf5 18. Qg5 Bb4+ 19. Bd2 Qb6 20. Rg1 f4 21. 0-0-0 Ba3 22. Qg6+ Ke6 23. Qc2 Bc5 24. Rg5 Bxf2 25. Bc3 Be3+ 26. Kb1 e4 27. Bxf6 gxf6 28. Rgxd5 f5 29. fxe4 1-0

[Event "SVK-chT1E 2122"]
[Site "Slovakia"]
[Date "2022.02.26"]
[Round "4.7"]
[White "Marsina, Stefan"]
[Black "Rasamoelina, David Andrinandrasa"]
[Result "1-0"]
[WhiteElo "1750"]
[BlackElo "1505"]
[PlyCount "45"]
[EventDate "2022.01.29"]
[EventType "team-tourn"]
[EventRounds "11"]
[EventCountry "SVK"]
[SourceTitle "EXT 2023"]
[Source "ChessBase"]
[SourceDate "2022.10.05"]
[SourceVersion "1"]
[SourceVersionDate "2022.10.05"]
[SourceQuality "1"]
[WhiteTeam "Dunajov Inbest II"]
[BlackTeam "Kosice Slavia TU"]
[WhiteTeamCountry "SVK"]
[BlackTeamCountry "SVK"]

1. d4 Nf6 2. Nf3 d5 3. Bf4 e6 4. e3 Bd6 5. Ne5 Nbd7 6. Bd3 b6 7. Nc6 Bb7 8. Nxd8 Rxd8 9. Bxd6 cxd6 10. 0-0 0-0 11. a4 a5 12. Nc3 Rc8 13. Nb5 Rc6 14. Qe1 e5 15. c3 e4 16. Be2 Ne8 17. f3 f5 18. g4 g6 19. gxf5 Rxf5 20. Qh4 Rh5 21. Qe7 Nef6 22. f4 Rh3 23. Qe6+ 1-0

[Event "Hradec Kralove op 11th"]
[Site "Hradec Kralove"]
[Date "2021.11.12"]
[Round "8"]
[White "Tesar, Jan"]
[Black "Marsina, Stefan"]
[Result "1-0"]
[WhiteElo "1966"]
[BlackElo "1799"]
[PlyCount "73"]
[EventDate "2021.11.06"]
[EventType "swiss"]
[EventRounds "9"]
[EventCountry "CZE"]
[SourceTitle "CBM 205 Extra"]
[Source "ChessBase"]
[SourceDate "2022.01.31"]
[SourceVersion "1"]
[SourceVersionDate "2022.01.31"]
[SourceQuality "1"]

1. d4 d5 2. Nf3 Nf6 3. g3 Bf5 4. Bg2 e6 5. 0-0 Be7 6. c4 0-0 7. Qb3 Nc6 8. Bd2 Ne4 9. cxd5 exd5 10. Bf4 Na5 11. Qd1 b6 12. Nbd2 c5 13. Rc1 Qd7 14. Ne5 Qb5 15. g4 Nxd2 16. Qxd2 Be6 17. e4 cxd4 18. exd5 Bxd5 19. a4 Qxa4 20. Bxd5 Rad8 21. Nc6 Nxc6 22. Bxc6 Qb3 23. Be4 Bb4 24. Qd3 Qxd3 25. Bxd3 Bc5 26. Ba6 d3 27. Rfd1 Rd4 28. Rc4 Rfd8 29. Rxd4 Rxd4 30. Bg3 Rxg4 31. Rxd3 h5 32. Kf1 h4 33. Be5 Ra4 34. Rd8+ Kh7 35. Bd3+ Kh6 36. f4 Kh5 37. h3 1-0

[Event "SVK-ch Amateurs"]
[Site "Topolcany"]
[Date "2021.08.09"]
[Round "6"]
[White "Marsina, Stefan"]
[Black "Meszaros, Casey Ryan"]
[Result "1/2-1/2"]
[WhiteElo "1829"]
[BlackElo "1535"]
[PlyCount "94"]
[EventDate "2021.08.06"]
[EventType "swiss"]
[EventRounds "7"]
[EventCountry "SVK"]
[SourceTitle "EXT 2022"]
[Source "ChessBase"]
[SourceDate "2021.10.06"]
[SourceVersion "1"]
[SourceVersionDate "2021.10.06"]
[SourceQuality "1"]

1. Nf3 Nf6 2. c4 c5 3. Nc3 Nc6 4. d4 cxd4 5. Nxd4 e6 6. e4 Bb4 7. f3 d5 8. cxd5 exd5 9. Bb5 Bxc3+ 10. bxc3 Bd7 11. exd5 Nxd4 12. Bxd7+ Qxd7 13. Qxd4 Qxd5 14. Qe3+ Qe6 15. Qxe6+ fxe6 16. Kf2 Kf7 17. Rd1 Rhd8 18. Bg5 h6 19. Bxf6 gxf6 20. Rab1 b6 21. Ke2 Ke7 22. Rb4 Rxd1 23. Kxd1 Rd8+ 24. Ke2 Rd5 25. Ra4 a5 26. Rc4 Kd7 27. g4 Rb5 28. Rd4+ Ke7 29. h4 Rb2+ 30. Rd2 Rb5 31. f4 Rc5 32. Kd3 b5 33. Rb2 Kd6 34. Rg2 Ke7 35. g5 fxg5 36. fxg5 hxg5 37. Rxg5 Rxg5 38. hxg5 Kf7 39. Ke4 Kg6 40. Ke5 b4 41. cxb4 axb4 42. Kxe6 Kxg5 43. Kd5 Kf6 44. Kc4 Ke6 45. Kxb4 Kd7 46. Kb5 Kc8 47. Kb6 Kb8 1/2-1/2

[Event "Piestany Slovakia op"]
[Site "Piestany"]
[Date "2021.07.18"]
[Round "9"]
[White "Kostic, Ivan"]
[Black "Marsina, Stefan"]
[Result "0-1"]
[WhiteElo "1564"]
[BlackElo "1883"]
[PlyCount "106"]
[EventDate "2021.07.10"]
[EventType "swiss"]
[EventRounds "9"]
[EventCountry "SVK"]
[SourceTitle "CBM 203 Extra"]
[Source "ChessBase"]
[SourceDate "2021.09.30"]
[SourceVersion "1"]
[SourceVersionDate "2021.09.30"]
[SourceQuality "1"]

1. d4 Nf6 2. c4 g6 3. b4 d5 4. e3 Bg7 5. Bb2 0-0 6. Nd2 c6 7. Ngf3 Nbd7 8. Rc1 e5 9. dxe5 Ng4 10. cxd5 cxd5 11. Nb3 Ngxe5 12. Nxe5 Nxe5 13. Nd4 Bd7 14. Qb3 Qb6 15. a3 Be6 16. b5 Rfc8 17. Be2 Rxc1+ 18. Bxc1 Rc8 19. 0-0 Nc4 20. Rd1 Be5 21. a4 Qc5 22. g3 Bd7 23. Nc2 Bf5 24. Na3 Na5 25. Qxd5 Qxd5 26. Rxd5 Rxc1+ 27. Rd1 Rxd1+ 28. Bxd1 Bb2 29. Nc2 Bxc2 30. Bxc2 Kf8 31. Kf1 Ke7 32. Ke2 Kd6 33. Kd3 Kc5 34. Bd1 Kb4 35. Kc2 Be5 36. f4 Bd6 37. Kd3 f6 38. e4 Nc4 39. Kd4 Bc5+ 40. Kd5 Ne3+ 41. Ke6 Nxd1 42. Kxf6 Kxa4 43. e5 Kxb5 44. Kg7 a5 45. Kxh7 a4 46. Kxg6 a3 47. f5 a2 48. f6 a1Q 49. e6 Qa8 50. g4 Qg8+ 51. Kh5 Be3 52. Kh4 Bf4 53. Kh3 Ne3 0-1

[Event "Piestany Slovakia op"]
[Site "Piestany"]
[Date "2021.07.15"]
[Round "6"]
[White "Marsina, Stefan"]
[Black "Paholok, Igor"]
[Result "0-1"]
[WhiteElo "1883"]
[BlackElo "1664"]
[PlyCount "56"]
[EventDate "2021.07.10"]
[EventType "swiss"]
[EventRounds "9"]
[EventCountry "SVK"]
[SourceTitle "CBM 203 Extra"]
[Source "ChessBase"]
[SourceDate "2021.09.30"]
[SourceVersion "1"]
[SourceVersionDate "2021.09.30"]
[SourceQuality "1"]

1. d4 e6 2. Nf3 f5 3. c4 Nf6 4. Nc3 c6 5. e3 d5 6. Bd3 Bd6 7. 0-0 0-0 8. Qc2 Bd7 9. a3 Be8 10. cxd5 cxd5 11. b4 Nbd7 12. Bb2 Rc8 13. Qb3 Qe7 14. Ne2 Bh5 15. Ne5 Ng4 16. Nf4 Be8 17. Nxd7 Bxd7 18. h3 Nf6 19. g3 g5 20. Ne2 Qe8 21. f3 Ba4 22. Qa2 Qh5 23. Kg2 Bc2 24. Nc1 Bxd3 25. Nxd3 g4 26. fxg4 fxg4 27. h4 Qg6 28. Nf2 Rc2 0-1

[Event "Piestany Slovakia op"]
[Site "Piestany"]
[Date "2021.07.12"]
[Round "3"]
[White "Dolnik, Michal"]
[Black "Marsina, Stefan"]
[Result "1-0"]
[WhiteElo "1384"]
[BlackElo "1883"]
[PlyCount "27"]
[EventDate "2021.07.10"]
[EventType "swiss"]
[EventRounds "9"]
[EventCountry "SVK"]
[SourceTitle "CBM 203 Extra"]
[Source "ChessBase"]
[SourceDate "2021.09.30"]
[SourceVersion "1"]
[SourceVersionDate "2021.09.30"]
[SourceQuality "1"]

1. e4 e6 2. d4 d5 3. exd5 exd5 4. Nf3 Bd6 5. Bd3 Qe7+ 6. Be3 Nf6 7. 0-0 0-0 8. Re1 Bg4 9. Bg5 Bxf3 10. gxf3 Qd7 11. Nd2 Qh3 12. Nf1 Nbd7 13. Ng3 g6 14. Bf1 1-0

[Event "Piestany Slovakia op"]
[Site "Piestany"]
[Date "2021.07.11"]
[Round "2"]
[White "Marsina, Stefan"]
[Black "Chlpik, Martin"]
[Result "0-1"]
[WhiteElo "1883"]
[BlackElo "2220"]
[PlyCount "82"]
[EventDate "2021.07.10"]
[EventType "swiss"]
[EventRounds "9"]
[EventCountry "SVK"]
[SourceTitle "CBM 203 Extra"]
[Source "ChessBase"]
[SourceDate "2021.09.30"]
[SourceVersion "1"]
[SourceVersionDate "2021.09.30"]
[SourceQuality "1"]

1. d4 Nf6 2. c4 c5 3. e3 g6 4. Nf3 Bg7 5. Nc3 0-0 6. Be2 d6 7. 0-0 Nbd7 8. d5 a6 9. h3 Qc7 10. Ng5 h6 11. Nf3 Re8 12. e4 e6 13. dxe6 Rxe6 14. Qc2 Nb8 15. Be3 Nc6 16. Rad1 Rb8 17. Nd5 Qd8 18. Nd2 b5 19. f4 Re8 20. Bf3 Nxd5 21. cxd5 Nb4 22. Qb3 a5 23. Bxc5 dxc5 24. e5 Qb6 25. Qe3 Nc2 26. Qf2 c4 27. Qxb6 Rxb6 28. Rc1 Nb4 29. Ne4 Nd3 30. Rc2 Nxf4 31. Nd6 Rxd6 32. exd6 Bf5 33. Rd2 Bd3 34. Rfd1 Bd4+ 35. Kh1 Kf8 36. g3 Nxh3 37. Bg4 Nf2+ 38. Rxf2 Bxf2 39. Kg2 Bc5 40. d7 Rd8 41. Re1 f5 0-1

[Event "Drienica Saris op"]
[Site "Drienica"]
[Date "2020.08.15"]
[Round "9"]
[White "Janik, Marek Tobias"]
[Black "Marsina, Stefan"]
[Result "1-0"]
[WhiteElo "1600"]
[BlackElo "1880"]
[PlyCount "69"]
[EventDate "2020.08.07"]
[EventType "swiss"]
[EventRounds "9"]
[EventCountry "SVK"]
[SourceTitle "CBM 197 Extra"]
[Source "ChessBase"]
[SourceDate "2020.09.30"]
[SourceVersion "1"]
[SourceVersionDate "2020.09.30"]
[SourceQuality "1"]

1. c4 e5 2. g3 Nf6 3. Bg2 Nc6 4. Nc3 d6 5. e3 Be6 6. b3 Be7 7. Nge2 Qd7 8. d4 Bh3 9. Bxh3 Qxh3 10. d5 Nb8 11. Ng1 Qf5 12. Qf3 Qg6 13. Nge2 0-0 14. 0-0 h5 15. e4 Na6 16. Be3 Nh7 17. Qg2 f5 18. f4 Nb4 19. Rad1 fxe4 20. Nxe4 Nxa2 21. Bd2 a5 22. Ra1 Nb4 23. f5 Qe8 24. h3 b5 25. g4 hxg4 26. hxg4 bxc4 27. bxc4 Nc2 28. Ra2 Nd4 29. Nxd4 exd4 30. Ra3 Bf6 31. g5 Be5 32. Rh3 g6 33. Rh6 Rxf5 34. Rxf5 gxf5 35. Nf6+ 1-0

[Event "Drienica Saris op"]
[Site "Drienica"]
[Date "2020.08.14"]
[Round "8"]
[White "Marsina, Stefan"]
[Black "Andras, Anton"]
[Result "1-0"]
[WhiteElo "1880"]
[BlackElo "1584"]
[PlyCount "53"]
[EventDate "2020.08.07"]
[EventType "swiss"]
[EventRounds "9"]
[EventCountry "SVK"]
[SourceTitle "CBM 197 Extra"]
[Source "ChessBase"]
[SourceDate "2020.09.30"]
[SourceVersion "1"]
[SourceVersionDate "2020.09.30"]
[SourceQuality "1"]

1. d4 d5 2. Bf4 e6 3. Nf3 Nf6 4. e3 Bd6 5. Bg3 0-0 6. Bd3 c5 7. dxc5 Bxc5 8. 0-0 Nc6 9. Nbd2 Bd6 10. Bh4 Ne5 11. Nxe5 Bxe5 12. c3 Bd6 13. Qe2 Be7 14. Rad1 Qc7 15. Rfe1 b6 16. Bg3 Bd6 17. Bxd6 Qxd6 18. e4 Qe5 19. Nf3 Qh5 20. e5 Nd7 21. Bb1 Bb7 22. Rd4 f5 23. exf6 Nxf6 24. Rh4 Qe8 25. Ng5 h6 26. Nxe6 Rf7 27. Bg6 1-0

[Event "Drienica Saris op"]
[Site "Drienica"]
[Date "2020.08.12"]
[Round "6"]
[White "Marsina, Stefan"]
[Black "Kapolkova, Greta"]
[Result "0-1"]
[WhiteElo "1880"]
[BlackElo "1545"]
[PlyCount "77"]
[EventDate "2020.08.07"]
[EventType "swiss"]
[EventRounds "9"]
[EventCountry "SVK"]
[SourceTitle "CBM 197 Extra"]
[Source "ChessBase"]
[SourceDate "2020.09.30"]
[SourceVersion "1"]
[SourceVersionDate "2020.09.30"]
[SourceQuality "1"]

1. d4 d5 2. Bf4 Nf6 3. Nf3 c5 4. c3 Qb6 5. Qb3 c4 6. Qc2 Nc6 7. Nbd2 Bg4 8. e4 e6 9. Be2 Be7 10. 0-0 0-0 11. Rfe1 Rfd8 12. Ne5 Bxe2 13. Rxe2 Nxe5 14. Bxe5 Nd7 15. exd5 Nxe5 16. Rxe5 Bf6 17. Rh5 g6 18. Rh3 exd5 19. Nf3 Re8 20. Qd2 Bg7 21. Rb1 Qf6 22. Re1 Rxe1+ 23. Nxe1 Re8 24. Rf3 Bh6 25. Rxf6 Bxd2 26. Nf3 Bc1 27. Rd6 Bxb2 28. Rxd5 Bxc3 29. Kf1 a6 30. a4 Rb8 31. Rc5 b5 32. axb5 axb5 33. d5 Bf6 34. d6 c3 35. Ne1 b4 36. d7 Rd8 37. Rc4 b3 38. Rb4 b2 39. Rc4 0-1

[Event "Drienica Saris op"]
[Site "Drienica"]
[Date "2020.08.10"]
[Round "4"]
[White "Marsina, Stefan"]
[Black "Ganzova, Veronika"]
[Result "0-1"]
[WhiteElo "1880"]
[BlackElo "1614"]
[PlyCount "66"]
[EventDate "2020.08.07"]
[EventType "swiss"]
[EventRounds "9"]
[EventCountry "SVK"]
[SourceTitle "CBM 197 Extra"]
[Source "ChessBase"]
[SourceDate "2020.09.30"]
[SourceVersion "1"]
[SourceVersionDate "2020.09.30"]
[SourceQuality "1"]

1. d4 Nf6 2. Nf3 g6 3. c4 Bg7 4. Nc3 d6 5. e4 0-0 6. h3 e5 7. d5 Nbd7 8. Be3 Ne8 9. Qc2 Nb6 10. b4 a5 11. bxa5 Rxa5 12. Bd3 c6 13. Rb1 Nd7 14. dxc6 bxc6 15. 0-0 Nc5 16. Rfd1 f5 17. Nd2 f4 18. Bxc5 Rxc5 19. Nb3 f3 20. g3 Bxh3 21. Nxc5 Qg5 22. Bf1 Qh5 23. Nd3 Nf6 24. Ne1 Bxf1 25. Nxf3 Qh3 26. Ne1 Ng4 27. f3 Qxg3+ 28. Kxf1 Ne3+ 29. Ke2 Nxc2 30. Nxc2 Qxf3+ 31. Kd2 Bh6+ 32. Ne3 Qf2+ 33. Kd3 Qxe3+ 0-1

[Event "SVK-ch Amateur"]
[Site "Topolcany"]
[Date "2020.07.11"]
[Round "3"]
[White "Marsina, Stefan"]
[Black "Bielik, Miroslav"]
[Result "1-0"]
[WhiteElo "1854"]
[BlackElo "2133"]
[PlyCount "69"]
[EventDate "2020.07.10"]
[EventType "swiss"]
[EventRounds "7"]
[EventCountry "SVK"]
[SourceTitle "EXT 2021"]
[Source "ChessBase"]
[SourceDate "2020.10.23"]
[SourceVersion "1"]
[SourceVersionDate "2020.10.23"]
[SourceQuality "1"]

1. c4 e6 2. d4 d5 3. Nc3 c6 4. cxd5 exd5 5. Nf3 Bf5 6. e3 Nd7 7. Bd3 Bxd3 8. Qxd3 Ngf6 9. 0-0 Bb4 10. Bd2 0-0 11. a3 Bd6 12. b4 Qe7 13. b5 Nb6 14. a4 Ne4 15. Rfb1 f5 16. a5 Nc4 17. a6 Na3 18. Rxa3 Bxa3 19. axb7 Qxb7 20. bxc6 Qxc6 21. Ne5 Qd6 22. Nb5 Qa6 23. Be1 Be7 24. Qb3 Qb7 25. f3 Nf6 26. Qd3 g6 27. Ba5 Rab8 28. Nc3 Qc8 29. Rxb8 Qxb8 30. Qa6 Bd6 31. Nc6 Qc8 32. Qb5 Qd7 33. Nxd5 Bxh2+ 34. Kxh2 Qxd5 35. Ne7+ 1-0

[Event "Banska Stiavnica V4 op"]
[Site "Banska Stiavnica"]
[Date "2018.07.07"]
[Round "1"]
[White "Petran, Peter"]
[Black "Marsina, Stefan"]
[Result "1-0"]
[WhiteElo "2303"]
[BlackElo "1907"]
[PlyCount "75"]
[EventDate "2018.07.07"]
[EventType "swiss"]
[EventRounds "9"]
[EventCountry "SVK"]
[SourceTitle "CBM 185 Extra"]
[Source "ChessBase"]
[SourceDate "2018.07.29"]
[SourceVersion "1"]
[SourceVersionDate "2018.07.29"]
[SourceQuality "1"]

1. Nf3 Nf6 2. g3 d5 3. Bg2 c5 4. c4 e6 5. cxd5 exd5 6. d4 Nc6 7. 0-0 cxd4 8. Nxd4 Bc5 9. Nb3 Be7 10. Nc3 Be6 11. Nd4 Nxd4 12. Qxd4 0-0 13. Rd1 Qd7 14. Bf4 Rfd8 15. Rac1 Rac8 16. Na4 b5 17. Nc5 Bxc5 18. Rxc5 Rxc5 19. Qxc5 Rc8 20. Qd4 h6 21. Be5 Rc4 22. Qd2 Qe7 23. b3 Rc6 24. Qb2 Ne8 25. Bxd5 Bxd5 26. Rxd5 Re6 27. e3 f6 28. Bd4 Qb7 29. Rc5 Nd6 30. Qc2 a6 31. Rc7 Qe4 32. Qc6 Qb1+ 33. Kg2 Qe4+ 34. f3 Qf5 35. g4 Qg6 36. Qd5 Qe8 37. Rc6 Qd7 38. Bc5 1-0